Fundamentals of Nanoelectronics (Record no. 330554)

000 -LEADER
fixed length control field 00627nam a2200157 4500
003 - CONTROL NUMBER IDENTIFIER
control field NUST
005 - DATE AND TIME OF LATEST TRANSACTION
control field 20170719172458.0
008 - FIXED-LENGTH DATA ELEMENTS--GENERAL INFORMATION
fixed length control field 170719b xxu||||| |||| 00| 0 eng d
020 ## - INTERNATIONAL STANDARD BOOK NUMBER
International Standard Book Number 9788131726792
040 ## - CATALOGING SOURCE
Transcribing agency 0
082 ## - DEWEY DECIMAL CLASSIFICATION NUMBER
Classification number 621.382 HAN
100 ## - MAIN ENTRY--PERSONAL NAME
Personal name Hanson, George W.
9 (RLIN) 3468
245 ## - TITLE STATEMENT
Title Fundamentals of Nanoelectronics
Statement of responsibility, etc. George W.Hanson
260 ## - PUBLICATION, DISTRIBUTION, ETC.
Place of publication, distribution, etc. New Delhi, India
Name of publisher, distributor, etc. Pearson Educations
Date of publication, distribution, etc. 2009
300 ## - PHYSICAL DESCRIPTION
Extent xiv, 385 p.
Other physical details ill. ;
500 ## - GENERAL NOTE
General note Includes bibliographical references (p. 372-380) and index.
501 ## - WITH NOTE
With note P.B
650 ## - SUBJECT ADDED ENTRY--TOPICAL TERM
Topical term or geographic name entry element 1. Molecular electronics. 2. Nanoelectronics.
9 (RLIN) 3469
942 ## - ADDED ENTRY ELEMENTS (KOHA)
Koha item type Book
Source of classification or shelving scheme
Call number prefix IESE
Holdings
Withdrawn status Lost status Source of classification or shelving scheme Damaged status Not for loan Collection code Permanent Location Current Location Shelving location Date acquired Total Checkouts Full call number Barcode Date last seen Price effective from Koha item type
            Institute of Environmental Science and Engineering (IESE) Institute of Environmental Science and Engineering (IESE) General Stacks 07/19/2017   621.382 HAN IESE-2948 07/19/2017 07/19/2017 Book
© 2023 Central Library, National University of Sciences and Technology. All Rights Reserved.